[Event "WYCC U14 Girls 2019"]
[Site "Mumbai"]
[Date "2019.10.04"]
[Round "4.3"]
[White "Rakshitta Ravi"]
[Black "Ince, Safiye Oyku"]
[Result "*"]
[WhiteElo "2310"]
[BlackElo "1840"]
[Annotator "TA"]
[PlyCount "33"]
[EventDate "2019.10.02"]
[EventType "swiss"]
[EventCountry "IND"]
[SourceTitle "playchess.com"]
[Source "ChessBase"]
[SourceQuality "1"]

{[%evp 16,31,-27,-34,-28,-23,-18,-23,-23,-27,-28,-26,16,16,14,18,164,157]} 1. e4 c5 2. Nf3 e6 3. d4 cxd4 4. Nxd4 a6 5. Nc3 b5 {[%cal Bb7b5,Bb5b4,Bb4c3][%mdl 32]} 6. g3 Bb7 7. Bg2 Nf6 8. O-O b4 9. Na4 Bxe4 {B43: Sicilian: Kan Variation: 5 Nc3} 10. Bxe4 Nxe4 11. Re1 Nc5 {Black has an edge.} 12. c3 Nxa4 13. Qxa4 bxc3 {[#]} 14. Nxe6 $1 {[%mdl 512]} fxe6 15. Rxe6+ Kf7 (15... Be7 $11 {and Black stays safe.} 16. Bg5 Nc6 17. Bxe7 Nxe7) 16. Re5 {[#]} {Predecessor:} Be7 $146 17. Qc4+ {1-0 (25) Zapata,A (2483)-Bruzon Batista,L (2689) Bogota 2011} *

[Event "WYCC U14 Girls 2019"]
[Site "Mumbai"]
[Date "2019.10.04"]
[Round "4.4"]
[White "Mungunzul, Bat-Erdene"]
[Black "Divya Deshmukh"]
[Result "*"]
[WhiteElo "1912"]
[BlackElo "2358"]
[Annotator "TA"]
[PlyCount "21"]
[EventDate "2019.10.02"]
[EventType "swiss"]
[EventCountry "IND"]
[SourceTitle "playchess.com"]
[Source "ChessBase"]
[SourceQuality "1"]

{[%evp 10,21,10,-1,17,14,34,13,20,0,26,31,30,31]} 1. d4 Nf6 2. Nf3 e6 3. Bf4 b6 4. e3 Bb7 5. Bd3 Be7 6. h3 d6 {A47: 1 d4 Nf6 2 Nf3 b6: Torre, London and Colle Systems} (6... O-O 7. Nbd2 c5 8. c3 cxd4 9. exd4 d6 10. O-O Nbd7 11. Re1 Re8 12. Bh2 a6 13. a4 Nf8 14. Ng5 Qd7 15. Qe2 Bc6 16. Bxa6 Bxa4 17. Bd3 Bc6 18. Nc4 {1-0 (82) Giri,A (2755)-Tomashevsky,E (2731) Moscow 2016}) 7. O-O Nbd7 8. Nbd2 c5 9. Bh2 Qc7 $146 ({Predecessor:} 9... O-O 10. c3 d5 11. Qb1 h6 12. a4 Qc8 13. b4 a5 14. bxc5 bxc5 {1-0 (47) Christiansen,L (2571)-De Firmian,N (2536) Seattle 2002}) 10. Qe2 O-O 11. Rfd1 *

[Event "WYCC U14 Girls 2019"]
[Site "Mumbai"]
[Date "2019.10.04"]
[Round "4.5"]
[White "Nasyrova, Ekaterina"]
[Black "Hakobyan, Astghik"]
[Result "1-0"]
[WhiteElo "2137"]
[BlackElo "1978"]
[Annotator "NA"]
[PlyCount "91"]
[EventDate "2019.10.02"]
[EventType "swiss"]
[EventCountry "IND"]
[SourceTitle "playchess.com"]
[Source "ChessBase"]
[SourceQuality "1"]
[TimeControl "40/5400+30:1800+30"]

1. Nf3 Nf6 2. c4 e6 3. e3 b6 4. g3 Bb7 5. Bg2 Be7 6. O-O O-O 7. b3 c5 8. Bb2 d5 9. Nc3 Nc6 10. cxd5 exd5 11. d4 Re8 12. Ne2 Ne4 13. Nf4 Ba6 14. Re1 cxd4 15. Nxd4 Nxd4 16. Bxd4 Bb4 17. Qg4 g5 18. Rec1 Bc8 19. Rxc8 Rxc8 20. Nh5 Ra8 21. Nf4 Rc8 22. Nh5 Bc3 23. Bxe4 Rxe4 24. Nf6+ Kf8 25. Nxh7+ Ke8 26. Nf6+ Kf8 27. Nxe4 Bxa1 28. Nxg5 Bxd4 29. exd4 Rc1+ 30. Kg2 Qe7 31. Qf4 Rc6 32. h4 Rg6 33. Qf5 Rd6 34. h5 Ke8 35. g4 Qd7 36. Qf4 Qe7 37. Nf3 f6 38. h6 Kd7 39. Nh4 Re6 40. Qf5 Kd6 41. Ng6 Qf7 42. h7 Qxh7 43. Qxe6+ Kxe6 44. Nf8+ Kf7 45. Nxh7 Kg7 46. Nxf6 1-0

[Event "WYCC U14 Girls 2019"]
[Site "Mumbai"]
[Date "2019.10.04"]
[Round "4.6"]
[White "Wikar, Martyna"]
[Black "Ghomi, Parnian"]
[Result "1/2-1/2"]
[WhiteElo "1969"]
[BlackElo "1948"]
[Annotator "NA"]
[PlyCount "126"]
[EventDate "2019.10.02"]
[EventType "swiss"]
[EventCountry "IND"]
[SourceTitle "playchess.com"]
[Source "ChessBase"]
[SourceQuality "1"]
[TimeControl "40/5400+30:1800+30"]

1. e4 {[%emt 0:00:00]} e6 {[%emt 0:00:00]} 2. d4 {[%emt 0:00:00]} d5 {[%emt 0:00:00]} 3. Nc3 {[%emt 0:00:00]} Nf6 {[%emt 0:00:00]} 4. Bg5 {[%emt 0:00:01]} Bb4 {[%emt 0:00:03]} 5. exd5 {[%emt 0:00:07]} Qxd5 {[%emt 0:01:21]} 6. Bxf6 {[%emt 0:00:31]} gxf6 {[%emt 0:00:14]} 7. Nge2 {[%emt 0:00:58]} Qg5 {[%emt 0:03:22]} 8. h4 {[%emt 0:02:24]} Qg4 {[%emt 0:04:03]} 9. Qd3 {[%emt 0:01:20]} Nc6 {[%emt 0:01:10]} 10. O-O-O {[%emt 0:03:13]} Bd7 {[%emt 0:03:44]} 11. Ne4 {[%emt 0:04:04]} Be7 {[%emt 0:00:55]} 12. f3 {[%emt 0:03:48]} Qg7 {[%emt 0:00:10]} 13. Kb1 {[%emt 0:03:56]} O-O-O {[%emt 0:00:24]} 14. g4 {[%emt 0:04:37]} Nb4 {[%emt 0:07:59]} 15. Qa3 {[%emt 0:05:54]} a6 {[%emt 0:01:24]} 16. c3 {[%emt 0:07:48]} Nd5 {[%emt 0:00:34]} 17. Qb3 {[%emt 0:01:04]} Nb6 {[%emt 0:01:26]} 18. Qc2 Nc4 {[%emt 0:01:47]} 19. Qc1 {[%emt 0:04:13]} f5 {[%emt 0:03:15]} 20. gxf5 {[%emt 0:03:31]} exf5 {[%emt 0:00:18]} 21. Nc5 {[%emt 0:05:20]} Bc6 {[%emt 0:03:36]} 22. Nf4 {[%emt 0:06:03]} Nb6 {[%emt 0:01:39]} 23. Be2 {[%emt 0:03:56]} Qh6 {[%emt 0:03:40]} 24. Ncd3 {[%emt 0:03:28]} Bf6 {[%emt 0:07:46]} 25. Nb4 {[%emt 0:02:40]} Bb5 {[%emt 0:01:58]} 26. Bxb5 {[%emt 0:05:43]} axb5 {[%emt 0:00:03]} 27. Nbd3 {[%emt 0:01:43]} Rhe8 {[%emt 0:00:45]} 28. b3 {[%emt 0:01:09]} b4 {[%emt 0:00:17]} 29. Nxb4 {[%emt 0:01:39]} Qf8 {[%emt 0:02:38]} 30. Nbd3 {[%emt 0:00:50]} Bg7 {[%emt 0:00:57]} 31. Qc2 {[%emt 0:02:41]} Kb8 {[%emt 0:01:46]} 32. Rde1 {[%emt 0:01:08]} Qd6 {[%emt 0:01:28]} 33. Nh5 {[%emt 0:02:58]} Bh8 {[%emt 0:00:20]} 34. Rxe8 {[%emt 0:03:23]} Rxe8 {[%emt 0:00:02]} 35. Qd2 {[%emt 0:01:27]} Qc6 {[%emt 0:01:27]} 36. Re1 {[%emt 0:03:25]} Rxe1+ {[%emt 0:08:07]} 37. Nxe1 {[%emt 0:00:01]} Nd5 {[%emt 0:04:02]} 38. Kb2 {[%emt 0:01:20]} Qg6 {[%emt 0:03:38]} 39. Qg5 {[%emt 0:03:15]} Qc6 {[%emt 0:02:36]} 40. Qc1 {[%emt 0:01:47]} Qe6 {[%emt 0:01:37]} 41. Nc2 {[%emt 0:34:33]} Qc6 {[%emt 0:00:00]} 42. Ne1 {[%emt 0:00:00]} Qe6 {[%emt 0:31:00]} 43. Nc2 {[%emt 0:01:00]} Qc6 44. Qd2 {[%emt 0:00:00]} b6 {[%emt 0:00:00]} 45. Ng3 {[%emt 0:00:00]} f4 {[%emt 0:00:00]} 46. Ne2 {[%emt 0:00:00]} Qh6 {[%emt 0:00:00]} 47. Qd3 {[%emt 0:00:00]} Qxh4 {[%emt 0:00:00]} 48. Qf5 {[%emt 0:00:00]} Ne3 {[%emt 0:00:00]} 49. Qxf4 {[%emt 0:00:00]} Nd1+ {[%emt 0:00:00]} 50. Kc1 {[%emt 0:00:00]} Qxf4+ {[%emt 0:00:00]} 51. Nxf4 {[%emt 0:00:00]} Nxc3 {[%emt 0:00:00]} 52. a4 {[%emt 0:00:00]} Bg7 {[%emt 0:00:00]} 53. Kd2 {[%emt 0:00:00]} Bh6 {[%emt 0:00:00]} 54. Kxc3 {[%emt 0:00:00]} Bxf4 {[%emt 0:00:00]} 55. Kd3 {[%emt 0:00:00]} Bh6 56. Kc3 {[%emt 0:00:00]} Bf4 {[%emt 0:00:00]} 57. Kd3 {[%emt 0:00:00]} f5 {[%emt 0:00:00]} 58. d5 {[%emt 0:00:00]} h5 {[%emt 0:00:00]} 59. Nd4 {[%emt 0:00:00]} h4 {[%emt 0:00:00]} 60. Ke2 {[%emt 0:00:00]} h3 {[%emt 0:00:00]} 61. Kf1 {[%emt 0:00:00]} Kc8 {[%emt 0:00:00]} 62. Nxf5 {[%emt 0:00:00]} Kd7 {[%emt 0:00:05]} 63. b4 {[%emt 0:00:00]} c6 1/2-1/2

[Event "WYCC U14 Girls 2019"]
[Site "Mumbai"]
[Date "2019.10.04"]
[Round "4.7"]
[White "Velpula Sarayu"]
[Black "Allahverdiyeva, Ayan"]
[Result "1-0"]
[WhiteElo "1717"]
[BlackElo "2160"]
[Annotator "NA"]
[PlyCount "129"]
[EventDate "2019.10.02"]
[EventType "swiss"]
[EventCountry "IND"]
[SourceTitle "playchess.com"]
[Source "ChessBase"]
[SourceQuality "1"]
[TimeControl "40/5400+30:1800+30"]

1. d4 d5 2. Bf4 c5 3. e3 Nc6 4. Nf3 Nf6 5. Nbd2 cxd4 6. exd4 Qb6 7. Nb3 Bg4 8. h3 Bh5 9. Be2 e6 10. O-O Be7 11. Ne5 Bxe2 12. Qxe2 O-O 13. c3 Rad8 14. Rad1 Ne4 15. Bh2 a5 16. Nc1 a4 17. f3 Nf6 18. a3 Na5 19. Kh1 Ne8 20. f4 Nd6 21. Ncd3 Rfe8 22. g4 Bf8 23. Qg2 Ne4 24. Rde1 Qb5 25. Rd1 Bd6 26. g5 Be7 27. Qe2 Nd6 28. Rfe1 Rf8 29. h4 Nf5 30. h5 Nc4 31. g6 Bh4 32. Nxf7 Rde8 33. Rg1 h6 34. Nfe5 Ncd6 35. Nf3 Ne4 36. Rg2 Nfg3+ 37. Bxg3 Nxg3+ 38. Rxg3 Bxg3 39. Qe3 e5 40. Nfxe5 Bh4 41. Qh3 Bd8 42. Nd7 Qb3 43. Rf1 Qc2 44. Nxf8 Kxf8 45. Qd7 Be7 46. Qxd5 Qb3 47. Qxb3 axb3 48. Re1 Rc8 49. Nb4 Bd6 50. Kg2 Ra8 51. Kf3 Ra5 52. Kg4 Be7 53. Re5 Ra8 54. Rb5 Ra7 55. Nd5 Bd6 56. Rxb3 Ke8 57. c4 Kd7 58. f5 Bf8 59. c5 Kc6 60. Nf4 Be7 61. Rb6+ Kd7 62. Nd5 Ra4 63. Rxb7+ Kc8 64. Rxe7 Rxd4+ 65. Nf4 1-0

[Event "WYCC U14 Girls 2019"]
[Site "Mumbai"]
[Date "2019.10.04"]
[Round "4.8"]
[White "Omonova, Umida"]
[Black "Alekseenko, Mariya"]
[Result "1-0"]
[WhiteElo "2078"]
[BlackElo "1767"]
[Annotator "NA"]
[PlyCount "116"]
[EventDate "2019.10.02"]
[EventType "swiss"]
[EventCountry "IND"]
[SourceTitle "playchess.com"]
[Source "ChessBase"]
[SourceQuality "1"]
[TimeControl "40/5400+30:1800+30"]

1. e4 c5 2. Nf3 e6 3. d4 cxd4 4. Nxd4 Nc6 5. Nc3 Qc7 6. Be2 a6 7. a4 Nf6 8. O-O b6 9. Be3 Bb7 10. f3 Bc5 11. Kh1 O-O 12. Qd2 Bxd4 13. Bxd4 Nxd4 14. Qxd4 d6 15. Rad1 Rfd8 16. Rfe1 h6 17. Rd2 Rd7 18. Red1 Rad8 19. Na2 e5 20. Qc3 Qb8 21. Qb3 Bxe4 22. Bxa6 Ba8 23. Bb5 Re7 24. Nb4 d5 25. Bc6 d4 26. c3 Rd6 27. Bxa8 Qxa8 28. cxd4 exd4 29. Nc2 Qe8 30. Qb4 Rc6 31. Rxd4 Rxc2 32. Rd8 Qxd8 33. Rxd8+ Kh7 34. Rd1 Ree2 35. Rg1 Rxb2 36. Qf4 Kg8 37. h4 h5 38. Qd4 Red2 39. Qc4 Rdc2 40. Qf4 Re2 41. Qg5 Rbd2 42. Rc1 Rd5 43. Qf4 Rde5 44. Rc8+ Re8 45. Rc6 R2e6 46. Rc2 Nd5 47. Qd4 Ne3 48. Rc1 Nf5 49. Qf4 g6 50. Qb4 Rd8 51. Kg1 Rde8 52. Rc7 R8e7 53. Rc8+ Kg7 54. Qb2+ f6 55. Qb4 Ne3 56. Qd2 Kf7 57. Qd8 Re8 58. Qc7+ Kf8 1-0

[Event "WYCC U14 Girls 2019"]
[Site "Mumbai"]
[Date "2019.10.04"]
[Round "4.9"]
[White "Kamalidenova, Meruert"]
[Black "Chinnam Vyshnavi"]
[Result "1-0"]
[WhiteElo "2025"]
[BlackElo "1745"]
[Annotator "NA"]
[PlyCount "79"]
[EventDate "2019.10.02"]
[EventType "swiss"]
[EventCountry "IND"]
[SourceTitle "playchess.com"]
[Source "ChessBase"]
[SourceQuality "1"]
[TimeControl "40/5400+30:1800+30"]

1. e4 {[%emt 0:00:00]} c6 {[%emt 0:01:04]} 2. d4 {[%emt 0:00:00]} d5 {[%emt 0:00:24]} 3. Nd2 {[%emt 0:00:02]} dxe4 {[%emt 0:00:41]} 4. Nxe4 {[%emt 0:00:06]} Bf5 {[%emt 0:00:48]} 5. Ng3 {[%emt 0:00:09]} Bg6 {[%emt 0:01:00]} 6. h4 {[%emt 0:00:10]} h6 {[%emt 0:00:24]} 7. Nf3 {[%emt 0:00:08]} Nd7 {[%emt 0:00:58]} 8. h5 {[%emt 0:00:16]} Bh7 {[%emt 0:00:26]} 9. Bd3 {[%emt 0:00:23]} Bxd3 {[%emt 0:00:42]} 10. Qxd3 {[%emt 0:00:08]} Ngf6 {[%emt 0:00:33]} 11. Bd2 {[%emt 0:00:59]} e6 {[%emt 0:01:29]} 12. O-O-O {[%emt 0:00:21]} Be7 {[%emt 0:01:20]} 13. Kb1 {[%emt 0:00:36]} Qc7 {[%emt 0:03:18]} 14. Ne4 {[%emt 0:02:50]} Nxe4 {[%emt 0:00:59]} 15. Qxe4 {[%emt 0:00:10]} Nf6 {[%emt 0:00:57]} 16. Qe2 {[%emt 0:00:41]} O-O-O {[%emt 0:03:29]} 17. c4 {[%emt 0:02:18]} Rhe8 {[%emt 0:04:36]} 18. g3 {[%emt 0:03:04]} c5 {[%emt 0:05:31]} 19. Bc3 {[%emt 0:03:53]} b6 {[%emt 0:10:52]} 20. Ne5 {[%emt 0:03:22]} cxd4 {[%emt 0:02:43]} 21. Bxd4 {[%emt 0:01:45]} Qb7 {[%emt 0:02:57]} 22. f3 {[%emt 0:01:33]} Bd6 {[%emt 0:01:04]} 23. g4 {[%emt 0:03:56]} Re7 {[%emt 0:07:27]} 24. Rhe1 {[%emt 0:03:53]} Ne8 {[%emt 0:03:33]} 25. f4 {[%emt 0:05:00]} Nc7 {[%emt 0:05:45]} 26. Bc3 {[%emt 0:06:17]} Na6 {[%emt 0:03:23]} 27. Nxf7 {[%emt 0:04:26]} Rxf7 {[%emt 0:01:19]} 28. Qxe6+ {[%emt 0:00:05]} Rdd7 {[%emt 0:07:38]} 29. Rxd6 {[%emt 0:00:56]} Nc5 {[%emt 0:03:33]} 30. Qe8+ {[%emt 0:00:14]} Kc7 {[%emt 0:00:09]} 31. Rxd7+ {[%emt 0:00:05]} Rxd7 {[%emt 0:00:15]} 32. Be5+ {[%emt 0:00:04]} Kc6 {[%emt 0:00:38]} 33. Qg6+ {[%emt 0:00:06]} Ne6 {[%emt 0:00:13]} 34. Qxe6+ {[%emt 0:00:05]} Kc5 {[%emt 0:00:09]} 35. Bc3 {[%emt 0:00:06]} Rd6 {[%emt 0:02:12]} 36. Bb4+ {[%emt 0:00:16]} Kxb4 {[%emt 0:00:25]} 37. Qxd6+ {[%emt 0:00:05]} Kxc4 {[%emt 0:00:31]} 38. b3+ {[%emt 0:00:04]} Kb5 {[%emt 0:00:11]} 39. Re5+ {[%emt 0:00:05]} Qd5 {[%emt 0:00:21]} 40. Rxd5+ {[%emt 0:00:09]} 1-0

[Event "WYCC U14 Girls 2019"]
[Site "Mumbai"]
[Date "2019.10.04"]
[Round "4.10"]
[White "Obada, Ema"]
[Black "Dakic, Marta"]
[Result "1-0"]
[WhiteElo "1987"]
[BlackElo "1713"]
[Annotator "NA"]
[PlyCount "57"]
[EventDate "2019.10.02"]
[EventType "swiss"]
[EventCountry "IND"]
[SourceTitle "playchess.com"]
[Source "ChessBase"]
[SourceQuality "1"]
[TimeControl "40/5400+30:1800+30"]

1. e4 {[%emt 0:00:00]} d6 {[%emt 0:00:00]} 2. d4 {[%emt 0:00:00]} Nf6 {[%emt 0:00:00]} 3. Nc3 {[%emt 0:00:00]} e5 {[%emt 0:00:00]} 4. Nf3 {[%emt 0:00:12]} Nbd7 {[%emt 0:00:01]} 5. Rg1 {[%emt 0:00:10]} Be7 {[%emt 0:07:21]} 6. g4 {[%emt 0:00:25]} exd4 {[%emt 0:04:36]} 7. Nxd4 {[%emt 0:00:18]} Nc5 {[%emt 0:04:20]} 8. f3 {[%emt 0:02:43]} h6 {[%emt 0:08:18]} 9. Be3 {[%emt 0:02:18]} c6 {[%emt 0:07:48]} 10. Qd2 {[%emt 0:03:05]} Qc7 {[%emt 0:04:05]} 11. O-O-O {[%emt 0:01:15]} Bd7 {[%emt 0:05:36]} 12. Nf5 {[%emt 0:33:49]} Bxf5 {[%emt 0:01:23]} 13. gxf5 {[%emt 0:00:40]} Bf8 {[%emt 0:09:55]} 14. Bxc5 {[%emt 0:05:02]} dxc5 {[%emt 0:00:12]} 15. Bc4 {[%emt 0:03:32]} Rd8 {[%emt 0:02:39]} 16. Qxd8+ {[%emt 0:01:50]} Qxd8 {[%emt 0:00:11]} 17. Bxf7+ {[%emt 0:00:06]} Ke7 {[%emt 0:00:25]} 18. Rxd8 {[%emt 0:00:06]} Kxd8 {[%emt 0:00:04]} 19. Be6 {[%emt 0:00:28]} Kc7 {[%emt 0:04:17]} 20. e5 {[%emt 0:01:52]} Nd7 {[%emt 0:03:00]} 21. Bxd7 {[%emt 0:03:22]} Kxd7 {[%emt 0:00:07]} 22. Ne4 {[%emt 0:00:10]} c4 {[%emt 0:03:30]} 23. Kd2 b5 {[%emt 0:03:50]} 24. Ke3 {[%emt 0:04:33]} c3 {[%emt 0:06:06]} 25. Rd1+ {[%emt 0:00:43]} Kc7 {[%emt 0:00:14]} 26. Nxc3 {[%emt 0:00:06]} Bc5+ {[%emt 0:00:43]} 27. Kf4 {[%emt 0:00:29]} Rf8 {[%emt 0:01:03]} 28. Ne4 {[%emt 0:01:28]} Be7 {[%emt 0:00:48]} 29. e6 {[%emt 0:00:32]} 1-0

[Event "WYCC U14 Girls 2019"]
[Site "Mumbai"]
[Date "2019.10.04"]
[Round "4.11"]
[White "Pavalachandran, Ashvini"]
[Black "Ishvi Aggarwal"]
[Result "1-0"]
[WhiteElo "1678"]
[BlackElo "1935"]
[Annotator "NA"]
[PlyCount "89"]
[EventDate "2019.10.02"]
[EventType "swiss"]
[EventCountry "IND"]
[SourceTitle "playchess.com"]
[Source "ChessBase"]
[SourceQuality "1"]
[TimeControl "40/5400+30:1800+30"]

1. d4 d5 2. c4 e6 3. Nc3 Nf6 4. Bg5 Be7 5. e3 h6 6. Bh4 O-O 7. Nf3 Nbd7 8. Rc1 c5 9. Bd3 b6 10. cxd5 Nxd5 11. Bxe7 Qxe7 12. Be4 N7f6 13. Bxd5 Nxd5 14. Nxd5 exd5 15. dxc5 Rd8 16. Nd4 Re8 17. c6 Qg5 18. O-O Bg4 19. Qd2 h5 20. Rfe1 h4 21. f4 Qg6 22. Nb5 Rec8 23. Qd1 Re8 24. Qd2 Rec8 25. Nd4 h3 26. g3 Qe4 27. Qc2 Bf3 28. Qxe4 Bxe4 29. Rc3 Kf8 30. g4 Ke7 31. Kf2 Rh8 32. Rec1 f6 33. c7 Kd7 34. Nb5 g5 35. Nd6 Kxd6 36. c8=Q Raxc8 37. Rxc8 Rh4 38. Rg1 gxf4 39. exf4 f5 40. Rg8 d4 41. Kg3 Rh7 42. Rd8+ {Rh4 Rg8 Rh7 Rd8+} Rd7 43. Rxd7+ Kxd7 44. Rd1 d3 45. g5 1-0

[Event "WYCC U14 Girls 2019"]
[Site "Mumbai"]
[Date "2019.10.04"]
[Round "4.12"]
[White "Yash Jyoti Bir"]
[Black "Lhotska, Anna"]
[Result "0-1"]
[WhiteElo "1640"]
[BlackElo "1897"]
[Annotator "NA"]
[PlyCount "62"]
[EventDate "2019.10.02"]
[EventType "swiss"]
[EventCountry "IND"]
[SourceTitle "playchess.com"]
[Source "ChessBase"]
[SourceQuality "1"]
[TimeControl "40/5400+30:1800+30"]

1. e4 {[%emt 0:00:00]} c5 {[%emt 0:00:00]} 2. Nf3 {[%emt 0:00:00]} d6 {[%emt 0:00:00]} 3. d4 {[%emt 0:00:00]} cxd4 {[%emt 0:00:00]} 4. Nxd4 {[%emt 0:00:00]} Nf6 {[%emt 0:00:00]} 5. Nc3 {[%emt 0:00:10]} a6 {[%emt 0:00:04]} 6. Be3 {[%emt 0:00:07]} e5 {[%emt 0:00:16]} 7. Nf3 {[%emt 0:00:06]} Be7 {[%emt 0:00:27]} 8. Bc4 {[%emt 0:00:08]} O-O {[%emt 0:00:17]} 9. O-O {[%emt 0:00:13]} Be6 {[%emt 0:00:19]} 10. Bxe6 {[%emt 0:00:11]} fxe6 {[%emt 0:00:08]} 11. Na4 {[%emt 0:00:21]} Ng4 {[%emt 0:01:51]} 12. Qd3 {[%emt 0:00:25]} Nxe3 {[%emt 0:00:30]} 13. Qxe3 {[%emt 0:00:23]} b5 {[%emt 0:00:30]} 14. Nb6 {[%emt 0:00:18]} Ra7 {[%emt 0:00:16]} 15. Nd5 {[%emt 0:00:22]} Rb7 {[%emt 0:00:25]} 16. Qd2 {[%emt 0:09:45]} Kh8 {[%emt 0:01:45]} 17. Nxe7 {[%emt 0:00:37]} Qxe7 {[%emt 0:00:11]} 18. Rad1 {[%emt 0:00:12]} Rb6 {[%emt 0:00:59]} 19. Qe3 {[%emt 0:01:38]} Rc6 {[%emt 0:00:25]} 20. Rd2 {[%emt 0:01:52]} Nd7 {[%emt 0:02:32]} 21. Qg5 {[%emt 0:06:53]} Qxg5 {[%emt 0:02:37]} 22. Nxg5 {[%emt 0:00:03]} h6 {[%emt 0:02:31]} 23. Nf3 {[%emt 0:02:56]} Nf6 {[%emt 0:06:49]} 24. Re1 {[%emt 0:01:35]} Rfc8 {[%emt 0:02:18]} 25. c3 {[%emt 0:11:53]} Rb6 {[%emt 0:15:31]} 26. a3 {[%emt 0:11:45]} a5 {[%emt 0:02:27]} 27. h3 {[%emt 0:05:53]} b4 {[%emt 0:05:54]} 28. cxb4 {[%emt 0:00:31]} axb4 {[%emt 0:00:08]} 29. Rd3 {[%emt 0:09:32]} Rc2 {[%emt 0:14:08]} 30. Rd2 Rc8 31. Rd3 Rc2 0-1

[Event "WYCC U14 Girls 2019"]
[Site "Mumbai"]
[Date "2019.10.05"]
[Round "5.1"]
[White "Poliakova, Varvara"]
[Black "Rakshitta, Ravi"]
[Result "0-1"]
[WhiteElo "2042"]
[BlackElo "2310"]
[Annotator "TA"]
[PlyCount "62"]
[EventDate "2019.10.02"]
[EventType "swiss"]
[EventCountry "IND"]
[SourceTitle "playchess.com"]
[Source "ChessBase"]
[SourceQuality "1"]

{[%evp 19,62,20,67,55,81,29,41,16,16,8,12,-18,53,56,60,45,254,34,45,14,15,6,7,0,0,-103,-69,-138,-118,-102,-95,-120,-129,-160,-157,-151,-143,-166,-136,-211,-155,-476,-466,-514,-509]} 1. e4 e5 2. Nf3 Nc6 3. Bb5 a6 4. Ba4 Nf6 5. O-O b5 6. Bb3 Bb7 7. Re1 Be7 8. c3 O-O 9. d3 d5 10. Nbd2 Re8 11. exd5 {C88: Closed Ruy Lopez: Anti-Marshall Systems} Nxd5 12. Ne4 (12. Nxe5 $16 Nxe5 13. Rxe5) 12... h6 $11 13. a3 $146 {White is slightly better.} ({Predecessor:} 13. d4 Bf8 14. a4 exd4 15. axb5 axb5 16. Rxa8 Bxa8 17. Nxd4 Nxd4 18. Qxd4 c5 {0-1 (58) Fernandez Hernandez,G (2233)-Valles Moreno,I (2375) Dos Hermanas 2004}) 13... Qd7 14. Qc2 Rad8 15. Be3 Nxe3 (15... f5 $11) 16. Rxe3 $14 Bf8 17. Rae1 Kh8 $2 {[#]} ({Black should try} 17... Na5 $14) 18. Ng3 $2 (18. Nfg5 $1 $18 {[%cal Rg5f7][%mdl 512]} f5 (18... hxg5 19. Nxg5) 19. Nf7+ {[%mdl 64] Double Attack} Kh7 20. Nxd8 Rxd8 21. Nd2) 18... Bd6 19. Ba2 f5 20. R3e2 g6 21. h4 Qg7 22. Nd2 (22. Qc1 $11) 22... Ne7 23. a4 (23. b4 $15) 23... Nd5 24. Bxd5 Bxd5 25. c4 bxc4 26. dxc4 {[#]} Bf7 $1 27. c5 Bf8 28. h5 {[#]} e4 $1 29. hxg6 (29. Ndf1 $17 {was necessary.}) 29... Bxg6 30. Nb3 $2 (30. b4 $17 {is tougher.}) 30... f4 $19 {White must now prevent ...e3.} 31. Nxe4 {[#]} f3 $1 {[%mdl 512] Accuracy: White = 27%, Black = 69%.} 0-1

[Event "WYCC U14 Girls 2019"]
[Site "Mumbai"]
[Date "2019.10.05"]
[Round "5.1"]
[White "Poliakova, Varvara"]
[Black "Rakshitta Ravi"]
[Result "0-1"]
[WhiteElo "2042"]
[BlackElo "2310"]
[Annotator "ChessBase"]
[PlyCount "62"]
[EventDate "2019.10.02"]
[EventType "swiss"]
[EventCountry "IND"]
[SourceTitle "playchess.com"]
[Source "ChessBase"]
[SourceQuality "1"]
[TimeControl "40/5400+30:1800+30"]

1. e4 {[%emt 0:00:00]} e5 {[%emt 0:00:31]} 2. Nf3 {[%emt 0:00:11]} Nc6 {[%emt 0:00:08]} 3. Bb5 {[%emt 0:00:49]} a6 {[%emt 0:00:13]} 4. Ba4 {[%emt 0:00:26]} Nf6 {[%emt 0:00:08]} 5. O-O {[%emt 0:00:14]} b5 {[%emt 0:00:04]} 6. Bb3 {[%emt 0:00:04]} Bb7 {[%emt 0:00:04]} 7. Re1 {[%emt 0:01:27]} Be7 {[%emt 0:00:31]} 8. c3 {[%emt 0:01:24]} O-O {[%emt 0:08:27]} 9. d3 {[%emt 0:00:30]} d5 {[%emt 0:00:30]} 10. Nbd2 {[%emt 0:03:16]} Re8 {[%emt 0:00:30]} 11. exd5 {[%emt 0:07:41]} Nxd5 {[%emt 0:06:18]} 12. Ne4 {[%emt 0:00:41]} h6 {[%emt 0:14:27]} 13. a3 {[%emt 0:03:12]} Qd7 {[%emt 0:02:30]} 14. Qc2 {[%emt 0:13:29]} Rad8 {[%emt 0:05:55]} 15. Be3 {[%emt 0:05:40]} Nxe3 {[%emt 0:04:39]} 16. Rxe3 {[%emt 0:00:07]} Bf8 {[%emt 0:02:40]} 17. Rae1 {[%emt 0:07:10]} Kh8 {[%emt 0:09:13]} 18. Ng3 {[%emt 0:07:23]} Bd6 {[%emt 0:04:25]} 19. Ba2 {[%emt 0:05:19]} f5 {[%emt 0:08:59]} 20. R3e2 {[%emt 0:06:48]} g6 {[%emt 0:04:58]} 21. h4 {[%emt 0:07:58]} Qg7 {[%emt 0:05:55]} 22. Nd2 {[%emt 0:12:35]} Ne7 {[%emt 0:02:51]} 23. a4 {[%emt 0:04:18]} Nd5 {[%emt 0:01:48]} 24. Bxd5 {[%emt 0:01:19]} Bxd5 {[%emt 0:00:05]} 25. c4 {[%emt 0:01:25]} bxc4 {[%emt 0:02:26]} 26. dxc4 {[%emt 0:00:02]} Bf7 {[%emt 0:02:25]} 27. c5 {[%emt 0:02:12]} Bf8 {[%emt 0:00:12]} 28. h5 {[%emt 0:03:30]} e4 {[%emt 0:00:26]} 29. hxg6 {[%emt 0:00:41]} Bxg6 {[%emt 0:01:10]} 30. Nb3 {[%emt 0:01:50]} f4 {[%emt 0:01:55]} 31. Nxe4 {[%emt 0:00:40]} f3 {[%emt 0:00:23]} 0-1